书目信息 |
| 题名: |
AutoCAD机械设计案例教程
|
|
| 作者: | 李腾训 , 魏峥 主编 | |
| 分册: | ||
| 出版信息: | 北京 人民邮电出版社 2014.09 |
|
| 页数: | 316页 | |
| 开本: | 26cm | |
| 丛书名: | 教育部CAXC项目指定教材 | |
| 单 册: | ||
| 中图分类: | TH122 | |
| 科图分类: | ||
| 主题词: | 机械设计--ji xie she ji--AutoCAD软件--高等教育--教材 | |
| 电子资源: | ||
| ISBN: | 978-7-115-36414-2 | |
| 000 | 01171nam 2200289 450 | |
| 001 | CAL 006867200 | |
| 005 | 20150819150652.95 | |
| 010 | @a978-7-115-36414-2@dCNY45.00 | |
| 100 | @a20141015d2014 em y0chiy50 ea | |
| 101 | 0 | @achi |
| 102 | @aCN@b110000 | |
| 105 | @aak z 000yy | |
| 106 | @ar | |
| 200 | 1 | @aAutoCAD机械设计案例教程@AAutoCAD ji xie she ji an li jiao cheng@f李腾训, 魏峥主编 |
| 210 | @a北京@c人民邮电出版社@d2014.09 | |
| 215 | @a316页@c图@d26cm | |
| 225 | 2 | @a教育部CAXC项目指定教材@Ajiao yu bu CAXC xiang mu zhi ding jiao cai |
| 330 | @a本书以AutoCAD软件为载体, 以机械CAD基础知识为主线, 将CAD技术基础知识和AutoCAD软件的学习有机地结合起来, 以达到快速入门和应用的目的。介绍了在AutoCAD中绘制平面图形、绘制形体视图、尺寸标注、绘制机械图样、绘制标准件与常用件、绘制零件图和机械装配图的基本操作技能。 | |
| 333 | @a普通高等教育“十二五”规划教材 | |
| 410 | 0 | @12001 @a教育部CAXC项目指定教材 |
| 586 | @a | |
| 606 | 0 | @a机械设计@Aji xie she ji@xAutoCAD软件@x高等教育@j教材 |
| 690 | @aTH122@v5 | |
| 701 | 0 | @a李腾训@Ali teng xun@4主编 |
| 701 | 0 | @a魏峥@Awei zheng@4主编 |
| 801 | 0 | @aCN@c20150820 |
| 905 | @a河南城建学院图书馆@dTH122@eL270@f3 | |
| AutoCAD机械设计案例教程/李腾训, 魏峥主编.-北京:人民邮电出版社,2014.09 |
| 316页:图;26cm.-(教育部CAXC项目指定教材) |
| 使用对象:普通高等教育“十二五”规划教材 |
| ISBN 978-7-115-36414-2:CNY45.00 |
| 本书以AutoCAD软件为载体, 以机械CAD基础知识为主线, 将CAD技术基础知识和AutoCAD软件的学习有机地结合起来, 以达到快速入门和应用的目的。介绍了在AutoCAD中绘制平面图形、绘制形体视图、尺寸标注、绘制机械图样、绘制标准件与常用件、绘制零件图和机械装配图的基本操作技能。 |
| ● |
| 相关链接 |
|
|
|
正题名:AutoCAD机械设计案例教程
索取号:TH122/L270
 
预约/预借
| 序号 | 登录号 | 条形码 | 馆藏地/架位号 | 状态 | 备注 |
| 1 | 1166770 | 211667702 | 自科库501/501自科库 33排3列1层/ [索取号:TH122/L270] | 在馆 | |
| 2 | 1166771 | 211667711 | 自科库501/501自科库 33排3列1层/ [索取号:TH122/L270] | 在馆 | |
| 3 | 1166772 | 211667720 | 自科二线504/504自科库 41排1列1层/ [索取号:TH122/L270] | 在馆 |